| 000 | 01402aam a2200469 4500 | ||
|---|---|---|---|
| 005 | 20241203183332.0 | ||
| 008 | 150716b xxu||||| |||| 00| 0 spa d | ||
| 041 | _aEspañol | ||
| 082 | _a658.314 D357m | ||
| 100 |
_aDell, Twyla _914580 |
||
| 245 | _aLa motivación en el trabajo: el desarrollo de una actitud positiva en el empleado | ||
| 260 |
_aMéxico _bTrillas _c1991 |
||
| 300 | _a84 páginas | ||
| 650 | _aMOTIVACIÓN PERSONAL | ||
| 650 | _aINCENTIVOS | ||
| 650 | _aACTITUD POSITIVA | ||
| 650 | _aDESARROLLO PERSONAL | ||
| 650 | _aPRODUCTIVIDAD | ||
| 650 | _aPLAN DE PRODUCTIVIDAD | ||
| 650 | _aBIENESTAR EN EL TRABAJO | ||
| 650 | _aADMINISTRACIÓN DE PERSONAL | ||
| 650 | _aFLUJO DE TRABAJO | ||
| 650 | _aCALIDAD DEL DESEMPEÑO | ||
| 650 | _aVISIÓN | ||
| 650 | _aSATISFACCIÓN LABORAL | ||
| 650 | _aCOMPROMISO LABORAL | ||
| 650 | _aCLIMA ORGANIZACIONAL | ||
| 650 | _aRENDIMIENTO EN EL TRABAJO | ||
| 650 | _aESTRATEGIAS MOTIVACIONALES | ||
| 650 | _aLIDERAZGO EFECTIVO | ||
| 650 | _aMEJORA CONTINUA | ||
| 650 | _aCRECIMIENTO PROFESIONAL | ||
| 650 | _aCOMUNICACIÓN INTERNA | ||
| 650 | _aDESARROLLO DE HABILIDADES | ||
| 650 | _aEMPATÍA EN EL TRABAJO | ||
| 650 | _aEQUIPOS DE ALTO RENDIMIENTO | ||
| 650 | _aMOTIVACIÓN INTRÍNSECA | ||
| 650 | _aGESTIÓN DEL TALENTO | ||
| 650 | _aCULTURA ORGANIZACIONAL | ||
| 942 |
_cBK _2ddc |
||
| 999 |
_c1832 _d1832 |
||